MARC details
| 000 -CABECERA |
| campo de control de longitud fija |
00862nam a2200217 a 4500 |
| 005 - FECHA Y HORA DE LA ÚLTIMA TRANSACCIÓN |
| campo de control |
20210223125146.0 |
| 008 - ELEMENTOS DE LONGITUD FIJA--INFORMACIÓN GENERAL |
| campo de control de longitud fija |
031007s1988 mx r 000 0 spa d |
| 020 ## - NÚMERO INTERNACIONAL NORMALIZADO PARA LIBROS |
| Número Internacional Estándar del Libro |
968360501X |
| 035 ## - NÚMERO DE CONTROL DEL SISTEMA |
| Número de control de sistema |
UPN01000129673 |
| 049 ## - COLECCIÓN |
| Colección |
CG |
| 050 #4 - SIGNATURA TOPOGRÁFICA DE LA BIBLIOTECA DEL CONGRESO |
| Número de clasificación |
BX1429 CH2 |
| Número de documento/Ítem |
N8.2 |
| 100 1# - ASIENTO PRINCIPAL--NOMBRE PERSONAL |
| Nombre de persona |
Núñez de la Vega, Francisco, |
| Fechas asociadas al nombre |
1632-1706 |
| 9 (RLIN) |
42286 |
| 245 10 - MENCIÓN DE TÍTULO |
| Título |
Constituciones diocesanas del Obispado de Chiapa / |
| Mención de responsabilidad, etc. |
Francisco Núñez de la Vega ; ed. preparada por María del Carmen León Cázares. |
| 260 ## - PUBLICACIÓN, DISTRIBUCIÓN, ETC. |
| Lugar de publicación, distribución, etc. |
México : |
| Nombre del editor, distribuidor, etc. |
UNAM, Instituto de Investigaciones Filológicas, |
| Fecha de publicación, distribución, etc. |
1988. |
| 300 ## - DESCRIPCIÓN FÍSICA |
| Extensión |
836 p. |
| 440 #0 - MENCIÓN DE SERIE/ASIENTO SECUNDARIO--TÍTULO |
| Título |
Fuentes para el estudio de la cultura maya ; |
| Designación de volumen o secuencia |
6 |
| 650 #4 - ASIENTO SECUNDARIO DE MATERIA - TERMINO TEMATICO |
| Término de materia o nombre geográfico como elemento de entrada |
IGLESIA CATOLICA EN CHIAPAS - |
| Subdivisión general |
HISTORIA |
| 9 (RLIN) |
27122 |
| 650 #4 - ASIENTO SECUNDARIO DE MATERIA - TERMINO TEMATICO |
| Término de materia o nombre geográfico como elemento de entrada |
IGLESIA CATOLICA - |
| Subdivisión general |
OBRAS DOCTRINALES Y DE CONTROVERSIA |
| 9 (RLIN) |
27121 |
| 700 1# - ASIENTO SECUNDARIO--NOMBRE DE PERSONAL |
| Nombre de persona |
León Cázares, María del Carmen, |
| Término indicativo de función/relación |
ed. |
| 9 (RLIN) |
41722 |
| 905 ## - TIPO DE MATERIAL |
| Tipo de material |
Libro |